| 000 | 00880nam a2200253 i 4500 | ||
|---|---|---|---|
| 003 | IT-RoINE | ||
| 005 | 20201120111509.0 | ||
| 008 | 130304s2012 sp |rb 001 0 spa d | ||
| 020 | _a9788496813755 | ||
| 040 |
_aDLC _beng _cDLC IT-RoINE _erda _dIT-RoINE |
||
| 100 | 1 |
_aGonzález Cuerva, Rubén _96863 |
|
| 245 | 1 | 0 |
_aBaltasar de Zúñiga : _buna encrucijada de la Monarquía Hispana (1561-1622) / _cRubén González Cuerva. |
| 264 |
_aMadrid : _bPolifemo Ediciones, _c2012. |
||
| 300 |
_a638 p., XVI p. de lám. : _bil. ; _c24 cm. |
||
| 336 |
_atext _2rdacontent |
||
| 337 |
_aunmediated _2rdamedia |
||
| 338 |
_avolume _2rdacarrier |
||
| 490 | 1 | 3 |
_aLa Corte en Europa ; _v9 |
| 500 | _aIncluye índice. | ||
| 504 | _aFuentes y bibliografía: p. 555-594. | ||
| 600 | 1 | 4 |
_96864 _aZúñiga, Baltasar de, _d1561-1622 _xBiografía |
| 830 | 0 |
_96865 _aCorte en Europa ; _v9 |
|
| 942 | _cMTS | ||
| 999 |
_c3402 _d3402 |
||